000 00800nam a2200229 i 4500
001 bg
245 1 0 _a"Profile deutsch" :
_bLernzielbestimmungen, Kannbeschreibungen, Kommunikative Mittel, Niveau A1, A2, B1, B2 /
_cManuela Glaboniat [et al.].
260 _aBerlin [etc.] :
_bLangenscheidt,
_c2003.
300 _a168 s. ;
_c28 cm +
_eCD ROM.
504 _aBibliogr.
650 9 _aJęzyk niemiecki
_xnauczanie
655 _aPodręczniki akademickie
700 1 _aGLABONIAT, Manuela
020 _a3468494637
040 _cBPK
041 0 _ager
080 _a372.881.111.22(075.8)
920 _a3-468-49463-7
942 _cKS
008 s pl f |000 0 pol
999 _c45330
_d45330
856 _uhttp://koha.tu.koszalin.pl/cgi-bin/koha/opac-detail.pl?biblionumber=45330
_yKatalog online BPK